000 00752nam a22001937a 4500
005 20251108173440.0
008 250721s2001 xx 000 0 ara d
082 1 4 _a303.4/جرا
100 1 _aجراد، خليل إبراهيم
245 1 0 _aكيف ومتى تكسب الثروة والأصدقاء والصحة و يتحقق النهوض الشامل للفرد و المجتمع و الدولة /
264 1 _aعمان :
_bمركز الكتاب الأكاديمي للنشر والتوزيع،
_c2001.
300 _a118ص
490 0 _aكتب النجاح -كتاب رقم 3
650 1 7 _aالتغير الإجتماعي
650 1 7 _aالعلاقات الإنسانية
650 1 7 _aالنجاح
942 _2ddc
_cBK
999 _c104154
_d104154